Die Dokumente des zweiten Vatikanischen Konzils : (Record n. 17040)
[ formato base ]
| 000 -LEADER | |
|---|---|
| fixed length control field | 01015nam a2200253 i 4500 |
| 003 - CONTROL NUMBER IDENTIFIER | |
| control field | IT-RoINE |
| 005 - DATE AND TIME OF LATEST TRANSACTION | |
| control field | 20220325062542.0 |
| 008 - FIXED-LENGTH DATA ELEMENTS--GENERAL INFORMATION | |
| fixed length control field | 060116s2006 gw b |001 | ger d |
| 020 ## - INTERNATIONAL STANDARD BOOK NUMBER | |
| International Standard Book Number | 3451285630 |
| 040 ## - CATALOGING SOURCE | |
| Original cataloging agency | IT-RoPUS |
| Modifying agency | IT-RoINE |
| 245 04 - TITLE STATEMENT | |
| Title | Die Dokumente des zweiten Vatikanischen Konzils : |
| Remainder of title | theologische Zusammenschau und Perspektiven / |
| Statement of responsibility, etc | von Guido Bausenhart ... [et al.] |
| 260 ## - PUBLICATION, DISTRIBUTION, ETC. (IMPRINT) | |
| Place of publication, distribution, etc | Freiburg im Breisgau : |
| -- | Basel : |
| -- | Wien : |
| Name of publisher, distributor, etc | Herder, |
| Date of publication, distribution, etc | 2006. |
| 300 ## - PHYSICAL DESCRIPTION | |
| Extent | XVI, 618 p. ; |
| Dimensions | 25 cm. |
| 336 ## - CONTENT TYPE | |
| Source | rdacontent |
| Content type term | text |
| 337 ## - MEDIA TYPE | |
| Source | rdamedia |
| Media type term | unmediated |
| 338 ## - CARRIER TYPE | |
| Source | rdacarrier |
| Carrier type term | volume |
| 490 1# - SERIES STATEMENT | |
| Series statement | Herders theologischer Kommentar zum Zweiten Vatikanischen Konzil ; |
| Volume number/sequential designation | 5 |
| 500 ## - GENERAL NOTE | |
| General note | Incluye índices. |
| 504 ## - BIBLIOGRAPHY, ETC. NOTE | |
| Bibliography, etc | Incluye referencias bibliográficas en notas, al final de cada capítulo. |
| 611 20 - SUBJECT ADDED ENTRY--MEETING NAME | |
| Meeting name or jurisdiction name as entry element | Concilio Vaticano |
| Number of part/section/meeting | (2º. |
| Date of meeting | 1962-1965) |
| 9 (RLIN) | 3670 |
| 700 1# - ADDED ENTRY--PERSONAL NAME | |
| Personal name | Bausenhart, Guido, |
| 9 (RLIN) | 34026 |
| Dates associated with a name | 1952- |
| 830 #0 - SERIES ADDED ENTRY--UNIFORM TITLE | |
| Uniform title | Herders theologischer Kommentar zum Zweiten Vatikanischen Konzil ; |
| Volume number/sequential designation | 5 |
| 9 (RLIN) | 34007 |
| 942 ## - ADDED ENTRY ELEMENTS (KOHA) | |
| Item type | Monografías |
| Withdrawn status | Lost status | Damaged status | Not for loan | Home library | Current library | Date acquired | Total Checkouts | Full call number | Barcode | Date last seen | Price effective from | Koha item type |
|---|---|---|---|---|---|---|---|---|---|---|---|---|
| Iglesia Nacional Española en Roma | Iglesia Nacional Española en Roma | 26/04/2017 | CON 1.5 | 40099 | 26/04/2017 | 26/04/2017 | Monografías |